[Event "BRA-ch (Women) 62nd"]
[Site "Timbo"]
[Date "2023.11.02"]
[Round "6"]
[White "Leacina, Gisele Santiago"]
[Black "Horst, Patricia Da Silva"]
[Result "1-0"]
[WhiteElo "1388"]
[BlackElo "1107"]
[PlyCount "93"]
[EventDate "2023.10.29"]
[EventType "swiss"]
[EventRounds "9"]
[EventCountry "BRA"]
[SourceTitle "Mega2024 Update 01"]
[Source "Chessbase"]
[SourceDate "2023.11.12"]
[SourceVersion "1"]
[SourceVersionDate "2023.11.12"]
[SourceQuality "1"]

1. e4 e5 2. Nf3 Nc6 3. Bb5 a6 4. Ba4 b5 5. Bb3 Be7 6. 0-0 Nf6 7. Re1 0-0 8. c3 Bb7 9. d4 exd4 10. cxd4 d5 11. e5 Ne4 12. Nc3 Bb4 13. Qd3 Bc8 14. Bc2 Bf5 15. a3 Bxc3 16. bxc3 Ne7 17. Qe3 h6 18. Nh4 Bh7 19. f3 Ng5 20. Bxh7+ Nxh7 21. f4 Qd7 22. Qf3 Ng6 23. Nxg6 fxg6 24. e6 Qe7 25. Qxd5 Rad8 26. Qf3 Ng5 27. Qe3 Nh7 28. a4 c6 29. Ba3 Qh4 30. Bxf8 Rxf8 31. e7 Re8 32. axb5 axb5 33. Qe6+ Kh8 34. g3 Qf6 35. Qd7 Qf7 36. Ra7 Nf6 37. Qe6 Kg8 38. Rc7 Nd5 39. Qxf7+ Kxf7 40. Rxc6 Nxe7 41. Rce6 h5 42. d5 Nxd5 43. Rxe8 Nxc3 44. Rc8 b4 45. Rc4 Na2 46. Ra1 b3 47. Rb1 1-0

[Event "BRA-ch (Women) 62nd"]
[Site "Timbo"]
[Date "2023.10.31"]
[Round "4"]
[White "Danker, Nikole"]
[Black "Horst, Patricia Da Silva"]
[Result "0-1"]
[WhiteElo "1755"]
[BlackElo "1107"]
[PlyCount "130"]
[EventDate "2023.10.29"]
[EventType "swiss"]
[EventRounds "9"]
[EventCountry "BRA"]
[SourceTitle "Mega2024 Update 01"]
[Source "Chessbase"]
[SourceDate "2023.11.12"]
[SourceVersion "1"]
[SourceVersionDate "2023.11.12"]
[SourceQuality "1"]

1. d4 d5 2. Bf4 Nc6 3. Nf3 Bf5 4. e3 Nf6 5. Nbd2 e6 6. h3 Nb4 7. g4 Bxc2 8. Qc1 Bd6 9. Bxd6 Qxd6 10. a3 Nd3+ 11. Bxd3 Bxd3 12. Qc3 Bg6 13. Qc5 Qxc5 14. dxc5 0-0 15. Ne5 Rac8 16. f3 Rfd8 17. Nb3 Nd7 18. Nxg6 fxg6 19. Rc1 Ne5 20. Ke2 b6 21. Nd4 Kf7 22. f4 Nc4 23. cxb6 axb6 24. Rc2 c5 25. Nb5 Nd6 26. Nxd6+ Rxd6 27. Rd1 Re8 28. g5 e5 29. Kd3 exf4 30. exf4 Re4 31. Rf1 Ke6 32. Re2 Rxe2 33. Kxe2 Kf5 34. Kf3 Re6 35. Rd1 d4 36. Rd3 Re4 37. Rb3 Rxf4+ 38. Ke2 Re4+ 39. Kd2 Re6 40. Rf3+ Kxg5 41. Rf7 h5 42. Rxg7 Re3 43. h4+ Kf6 44. Rb7 Rb3 45. Kc2 c4 46. Kc1 g5 47. Rh7 Kg6 48. Re7 g4 49. Re6+ Kf5 50. Rh6 g3 51. Rxh5+ Kg4 52. Rg5+ Kxh4 53. Rxg3 Kxg3 54. a4 Kf2 55. a5 Ke2 56. a6 Rb5 57. a7 Ra5 58. b3 c3 59. b4 Rxa7 60. b5 Rh7 61. Kc2 d3+ 62. Kb1 d2 63. Ka2 d1Q 64. Ka3 Qb1 65. Ka4 Ra7# 0-1

[Event "Catarinense-ch U20 Girls"]
[Site "Rio Negrinho"]
[Date "2023.03.25"]
[Round "3"]
[White "Horst, Patricia Da Silva"]
[Black "Soupinski, Isabel Cristina"]
[Result "1-0"]
[WhiteElo "1800"]
[BlackElo "1800"]
[PlyCount "51"]
[EventDate "2023.03.24"]
[EventType "swiss"]
[EventRounds "6"]
[EventCountry "BRA"]
[SourceTitle "CBM 213 Extra"]
[Source "ChessBase"]
[SourceDate "2023.05.31"]
[SourceVersion "1"]
[SourceVersionDate "2023.05.31"]
[SourceQuality "1"]

1. e4 e5 2. Nf3 Nc6 3. Bc4 d6 4. h3 Qe7 5. 0-0 Qf6 6. Nc3 Qg6 7. Re1 Bxh3 8. g3 Bg4 9. Nd5 Nd4 10. Be2 0-0-0 11. d3 Qh5 12. Nxd4 Nf6 13. Nxf6 gxf6 14. Bxg4+ Qxg4 15. Qxg4+ Kb8 16. Nb3 Be7 17. Qf3 c6 18. Be3 d5 19. Rad1 Bb4 20. c3 Rd7 21. cxb4 Rhd8 22. Qxf6 dxe4 23. Qxe5+ Ka8 24. Qxe4 Re8 25. Qxe8+ Rd8 26. Qxd8# 1-0